000
00275nam a22001217a 4500
040
_c
SK
082
_a
610
100
_a
នុត សាឡន
245
_a
Statistics; ស្ថិតិវិទ្យា
260
_a
RUA
_b
នុត
_c
2008
300
_a
54p.
942
_c
KB
999
_c
10001
_d
10001